[Event "Dubai op"]
[Site "Dubai"]
[Date "2002.04.24"]
[Round "8"]
[White "Mehyo, Abdul Rahim"]
[Black "Vokarev, Sergey"]
[Result "1/2-1/2"]
[WhiteElo "2341"]
[BlackElo "2517"]
[PlyCount "84"]
[EventDate "2002.04.15"]
[EventType "swiss"]
[EventRounds "9"]
[EventCountry "UAE"]
[SourceTitle "CBM 087 Extra"]
[Source "ChessBase"]
[SourceDate "2002.05.03"]
[SourceVersion "2"]
[SourceVersionDate "2002.08.09"]
[SourceQuality "1"]

1. e4 c5 2. Nf3 g6 3. d4 cxd4 4. Nxd4 Nc6 5. Nc3 Bg7 6. Be3 Nf6 7. Bc4 Qa5 8. 0-0 0-0 9. Bb3 d6 10. h3 Bd7 11. Qd3 Rad8 12. Rad1 Nxd4 13. Bxd4 Bc6 14. Nd5 Bxd5 15. exd5 Nd7 16. Qe3 Rfe8 17. Rfe1 a6 18. c3 Rc8 19. Bxg7 Kxg7 20. Rd4 Qc5 21. Qd2 Qc7 22. Rh4 Kh8 23. Qh6 Nf8 24. Re3 e5 25. dxe6 fxe6 26. Rf3 Qg7 27. Qd2 d5 28. Rhf4 Re7 29. Rb4 Nd7 30. Re3 Nc5 31. Bc2 b5 32. Rd4 Rd8 33. Qe2 Qf6 34. f4 Nb7 35. g3 Rde8 36. a4 Nd6 37. Bd3 Kg7 38. axb5 axb5 39. Bxb5 Nxb5 40. Qxb5 e5 41. fxe5 Rxe5 42. Rxe5 Qxe5 1/2-1/2